Artificial Intelligence : a new synthesis (Record no. 6830)
[ view plain ]
| 000 -LEADER | |
|---|---|
| fixed length control field | 00402 a2200145 4500 |
| 020 ## - INTERNATIONAL STANDARD BOOK NUMBER | |
| International Standard Book Number | 1558604677 |
| 020 ## - INTERNATIONAL STANDARD BOOK NUMBER | |
| International Standard Book Number | 1558605355 |
| 040 ## - CATALOGING SOURCE | |
| Original cataloging agency | DLC |
| Language of cataloging | DLC |
| 100 1# - MAIN ENTRY--PERSONAL NAME | |
| Personal name | Nilsson, Nils J., |
| 245 10 - TITLE STATEMENT | |
| Title | Artificial Intelligence : a new synthesis |
| Statement of responsibility, etc. | Nils J. Nilsson. |
| 260 ## - PUBLICATION, DISTRIBUTION, ETC. | |
| Place of publication, distribution, etc. | New Delhi. : |
| Name of publisher, distributor, etc. | Harcourt, |
| Date of publication, distribution, etc. | 1998. |
| 300 ## - PHYSICAL DESCRIPTION | |
| Extent | xxi, 513 p. : |
| Other physical details | ill. |
| 650 #0 - SUBJECT ADDED ENTRY--TOPICAL TERM | |
| Topical term or geographic name entry element | Artificial intelligence. |
| 942 ## - ADDED ENTRY ELEMENTS (KOHA) | |
| Koha item type | Book |
| Call number prefix | 006.3 NIL |
| Source of classification or shelving scheme | |
| Withdrawn status | Lost status | Damaged status | Not for loan | Collection code | Permanent Location | Current Location | Shelving location | Date acquired | Source of acquisition | Cost, normal purchase price | Total Checkouts | Total Renewals | Full call number | Barcode | Date last seen | Date last checked out | Price effective from | Koha item type |
|---|---|---|---|---|---|---|---|---|---|---|---|---|---|---|---|---|---|---|
| Central Library (CL) | Central Library (CL) | First Floor - Artificial Intelligence/Data Mining | 06/23/2003 | Vanguard | 604.35 | 1 | 3 | 006.3 NIL | SEECS003568 | 01/02/2024 | 09/21/2016 | 01/05/2017 | Book | |||||
| Central Library (CL) | Central Library (CL) | First Floor - Artificial Intelligence/Data Mining | 12/19/2003 | Allied Book Company | 540.36 | 4 | 2 | 006.3 NIL | SEECS004014 | 01/06/2025 | 10/29/2024 | 01/05/2017 | Book |
